00427nam a2200133Ia 4500008004100000100001800041245010700059245004000166260002500206260000900231300002200240650001600262650001500278170224s9999 xx 000 0 und d aCarlos Capelo 2aA Simulation-Based Approach for Teaching the Systems Perspective of Strategic Performance Management  cCarlos Capelo, Ana Lopes & Ana Mata bAccounting Education c2015 a24:1, Pages: 1-26 xAccountancy xAccounting